Innovations and turning points : (Record no. 91327)

MARC details
000 -LEADER
fixed length control field 00763nam a22002297a 4500
010 ## - LCCN (DPL NO)
LC control number ENG-112137
020 ## - INTERNATIONAL STANDARD BOOK NUMBER
International Standard Book Number 9780199453559
Terms of availability 1295.00
020 ## - INTERNATIONAL STANDARD BOOK NUMBER
International Standard Book Number 0199453551
Terms of availability 1295.00
035 ## - SYSTEM CONTROL NUMBER
System control number EN-95669
037 ## - SOURCE OF ACQUISITION
Source of stock number/acquisition DBAD/PUB
082 ## - DEWEY DECIMAL CLASSIFICATION NUMBER
Classification number 891.4
245 ## - TITLE STATEMENT
Title Innovations and turning points :
Statement of responsibility, etc edited by Vigal Bronner, David Shulman [and] Gary Tubb
Remainder of title towards a history of kavya literature /
260 ## - PUBLICATION, DISTRIBUTION, ETC. (IMPRINT)
Place of publication, distribution, etc New Delhi
Name of publisher, distributor, etc Oxford University Press
Date of publication, distribution, etc 2014
270 ## - ADDRESS
Address YMCA Library Building, 1, Jai Singh Road,
City New Delhi
Postal code 110001
300 ## - PHYSICAL DESCRIPTION
Extent xv,805p.
Dimensions 25cm(Hb)
490 ## - SERIES STATEMENT
Series statement South Asia research ;edited by Patrick Olivelle
500 ## - GENERAL NOTE
General note Includes index
700 ## - ADDED ENTRY--PERSONAL NAME
Personal name Bronner,Vigal
700 ## - ADDED ENTRY--PERSONAL NAME
Personal name Shulman,David
700 ## - ADDED ENTRY--PERSONAL NAME
Personal name Tubb,Gary
942 ## - ADDED ENTRY ELEMENTS (KOHA)
Source of classification or shelving scheme Dewey Decimal Classification
Item type English Books
Call number suffix INN
Edition 891.4
Holdings
Withdrawn status Lost status Not for loan Collection code Home library Current library Date acquired Source of acquisition Cost, normal purchase price Full call number Barcode Copy number Cost, replacement price Koha item type
    Not For Loan Non-fiction D.B.Act.Division D.B.Act.Division 10/02/2015 DBAD/PUB 1295.00 891.4 INN EN-95669 1 1295.00 English Books

© Delhi Public Library
Hit Counter
free hit counter